000 00953nas a2200289 4500
001 BR2015002176
003 BR-BrBNA
005 20231205125219.0
007 ta
008 230509b bl.|||p| |||| 00| 00por d
040 _aBR-BrBNA
_bpor
_cBiblioteca Nacional de Agricultura
041 _a(Pt)
072 _aP36
100 1 _aLeite, L.F.C.
100 1 _aMendonça, E.S.
100 1 _aMachado, P.L.O.A.
245 1 _aSimulação pelo modelo century da dinâmica da matéria orgânica de um argissolo sob adubação mineral e orgânica
650 _aSOLO TROPICAL
650 _aCARBONO
650 _aMATÉRIA ORGÂNICA
650 _aMILHO
650 _aRECUPERAÇÃO DO SOLO
773 0 _tRevista Brasileira de Ciência do Solo (Brazil)
_xISSN 0100-0683
_g(Mar-Apr 2004), v. 28(2) p. 347-358
_wBR2015002176
856 4 0 _uhttp://www.scielo.br/pdf/rbcs/v28n2/20217.pdf
909 _a202311
_bLúcia
_c55
_dLúcia Elande
942 _2AGRIS
_n0
_cANA
999 _c243248
_d243248